Sports Quiz

Random Sports or NHL Quiz

Sporting Nicknames of the '80s & '90s Quiz Stats

 Plays Quiz Updated Aug 22, 2019

Score 0/20 Timer 05:00
1 Play Today
Question Answer Wrong Answers
Karl 'The _____' Malone Mailman
93.4%
Policeman
1.3%
Fireman
1.4%
Construction Worker
1%
William Perry - 'The _____' Refrigerator
91.7%
Lawnmower
3.1%
Dryer
1.3%
Oven
0.9%
'_____' Mike Tyson Iron
91.2%
Gold
1.3%
Mercury
0.7%
Titanium
4%
Mario Lemieux '____' Super Mario
91%
Yoshi
1.5%
Luigi
3.2%
Toad
1.4%
Eddie 'The _____' Edwards Eagle
88.3%
Blue Jay
1.2%
Owl
2.9%
Penguin
4.5%
Gary Payton 'The _____' Glove
86.6%
Boot
6.6%
Scarf
1.6%
Hat
2.2%
Anfernee '_____' Hardaway Penny
85.4%
Quarter
3.7%
Nickel
4.4%
Dime
3.5%
Ozzie Smith - 'The ____' Wizard
83.7%
Rogue
2.3%
Barbarian
9.2%
Warrior
1.6%
Daryl '_____' Johnston Moose
82.4%
Deer
6.1%
Otter
4.1%
Squirrel
4.1%
Roger Clemens - 'The _____' Rocket
81.3%
Jet
2.5%
Meteor
4.7%
Bullet
8.7%
Greg Norman - 'The _____' Shark
81.1%
Bear
9.8%
Elephant
1.1%
Tiger
4.9%
Ryne Sandberg '_____' Rhino
81%
Camel
5.5%
Hippo
5.4%
Giraffe
4.9%
Jerome Bettis 'The _____' Bus
78.9%
Tractor
5.1%
Train
8.9%
Truck
4.1%
Dwight '_____' Gooden Doc
77%
Bashful
4.1%
Dopey
5.8%
Grumpy
9.8%
Curtis Joseph - '_____' Cujo
75.3%
Carrie
4.1%
Misery
7.7%
It
9.5%
Cal Ripken Jr. - '______' Iron Man
71.1%
Superman
11.5%
Hulk
3.8%
Captain America
10.6%
Lenny Dykstra - '_____' Nails
70.9%
Bolts
7%
Nuts
10.3%
Screws
8.6%
Dennis Rodman - 'The _____' Worm
70.8%
Spider
6.9%
Snake
12.6%
Roach
6.9%
Dennis '____' Boyd Oil Can
69.3%
Jack
8.2%
Tire Gauge
4.3%
Gas Pump
14.9%
Ken Griffey Jr. - 'The ____' Kid
68.3%
Cub
19.6%
Puppy
6.3%
Piglet
2.7%

You're not logged in!

Compare scores with friends on all Sporcle quizzes.
OR
Log In

Sporcle TV

Today on Sporcle TV


Watch our educational content, quiz creation guides, and fun videos on Sporcle TV.

Show Comments

Extras

Top Quizzes Today


Score Distribution

Your Account Isn't Verified!

In order to create a playlist on Sporcle, you need to verify the email address you used during registration. Go to your Sporcle Settings to finish the process.

Report this User

Report this user for behavior that violates our Community Guidelines.

Details: